<?xml version="1.0" encoding="UTF-8"?>
<record
    xmlns:xsi="http://www.w3.org/2001/XMLSchema-instance"
    xsi:schemaLocation="http://www.loc.gov/MARC21/slim http://www.loc.gov/standards/marcxml/schema/MARC21slim.xsd"
    xmlns="http://www.loc.gov/MARC21/slim">

  <leader>03111nam a2200349 a 4500</leader>
  <controlfield tag="003">OSt</controlfield>
  <controlfield tag="005">20250625134925.0</controlfield>
  <controlfield tag="007">cr ||||||a|a|a</controlfield>
  <controlfield tag="008">250619s2025    mx a|||fom||| 001 0 spa d</controlfield>
  <datafield tag="040" ind1=" " ind2=" ">
    <subfield code="e">rda</subfield>
  </datafield>
  <datafield tag="100" ind1="1" ind2=" ">
    <subfield code="a">Trujillo Gomez, Citlalli Viviana</subfield>
    <subfield code="9">190489</subfield>
  </datafield>
  <datafield tag="245" ind1="1" ind2="0">
    <subfield code="a"> Efecto de tratamiento de semillas con poligalacturonasa y fosfato de sodio dib&#xE1;sico sobre la emergencia de pl&#xE1;ntulas de jitomate (Solanum lycopersicum L.) /</subfield>
    <subfield code="c">por Citlalli Viviana Trujillo Gomez; director de tesis Juan Enrique Rodr&#xED;guez P&#xE9;rez; secretario Ana Elizabeth Paredes Cervantes; vocal Alma Aurora Deanda Tovar; suplente Lesly Belen Valencia Gam&#xE9;z; suplente Erika Alejandra C&#xED;ntora Mart&#xED;nez.</subfield>
  </datafield>
  <datafield tag="264" ind1=" " ind2="1">
    <subfield code="a">Chapingo, M&#xE9;xico :</subfield>
    <subfield code="b">El autor,</subfield>
    <subfield code="c">2024.</subfield>
  </datafield>
  <datafield tag="300" ind1=" " ind2=" ">
    <subfield code="a">1 recurso en l&#xED;nea (27 p&#xE1;ginas):</subfield>
    <subfield code="b">cuadros, figuras.</subfield>
  </datafield>
  <datafield tag="336" ind1=" " ind2=" ">
    <subfield code="2">rdacontent</subfield>
    <subfield code="a">texto</subfield>
    <subfield code="b">txt</subfield>
  </datafield>
  <datafield tag="337" ind1=" " ind2=" ">
    <subfield code="2">rdamedia</subfield>
    <subfield code="a">computadora</subfield>
    <subfield code="b">c</subfield>
  </datafield>
  <datafield tag="338" ind1=" " ind2=" ">
    <subfield code="2">rdacarrier</subfield>
    <subfield code="a">recurso en l&#xED;nea</subfield>
    <subfield code="b">cr</subfield>
  </datafield>
  <datafield tag="502" ind1=" " ind2=" ">
    <subfield code="d">2024.</subfield>
    <subfield code="g">LIC</subfield>
    <subfield code="b">LAHP</subfield>
    <subfield code="c">Fitotecnia</subfield>
  </datafield>
  <datafield tag="504" ind1=" " ind2=" ">
    <subfield code="a">Incluye referencias bibliogr&#xE1;ficas: p&#xE1;ginas 21-23.</subfield>
  </datafield>
  <datafield tag="520" ind1=" " ind2=" ">
    <subfield code="a">La germinaci&#xF3;n puede verse afectada por la dureza de la testa. La poligalacturonasa es una enzima que degrada la pectina, la cual provoca el ablandamiento de tejidos; asimismo, el fosfato de sodio dib&#xE1;sico tiene efecto de ablandar la testa de la semilla. El objetivo del presente trabajo fue evaluar el efecto de la poligalacturonasa y el fosfato de sodio dib&#xE1;sico, en la germinaci&#xF3;n de semillas de cuatro l&#xED;neas de jitomate (L47S8, L47B2, L52 y L69). Se aplicaron tres diferentes concentraciones de enzima (0.0 m. L-1, 0.06 m. L -1 y 0.12m. L -1) y dos tratamientos de fosfato de sodio dib&#xE1;sico (Na2 HPO4) (0.0 y 9.5 g- L-1). Dando 24 tratamientos, se utiliz&#xF3; un dise&#xF1;o experimental de bloques completos al azar, se evaluaron porcentaje de emergencia, n&#xFA;mero de semillas emergentes, altura de planta, &#xE1;rea foliar, &#xED;ndice de velocidad de emergencia y n&#xFA;mero de semillas que no lograron romper la testa al final del experimento. La poligalacturonasa increment&#xF3; significativamente el porcentaje y el &#xED;ndice de velocidad de emergencia. La l&#xED;nea L47S8 tuvo la mejor respuesta al tratamiento con la enzima. El lavado con fosfato de sodio dib&#xE1;sico no tuvo efecto significativo en la germinaci&#xF3;n de semillas. La poligalacturonasa es &#xFA;til para favorecer la germinaci&#xF3;n m&#xE1;s r&#xE1;pida y uniforme de la semilla de jitomate.</subfield>
  </datafield>
  <datafield tag="650" ind1=" " ind2="4">
    <subfield code="a">Semillas</subfield>
    <subfield code="x">Germinaci&#xF3;n</subfield>
    <subfield code="9">103903</subfield>
  </datafield>
  <datafield tag="650" ind1=" " ind2="4">
    <subfield code="a">Enzimas</subfield>
    <subfield code="x">Efecto en semillas</subfield>
    <subfield code="9">190718</subfield>
  </datafield>
  <datafield tag="650" ind1=" " ind2="4">
    <subfield code="a">Semillas</subfield>
    <subfield code="x">Fisiolog&#xED;a y morfolog&#xED;a</subfield>
    <subfield code="9">103902</subfield>
  </datafield>
  <datafield tag="650" ind1=" " ind2="4">
    <subfield code="a">Tomate</subfield>
    <subfield code="x">Germinaci&#xF3;n</subfield>
    <subfield code="9">113727</subfield>
  </datafield>
  <datafield tag="700" ind1="1" ind2=" ">
    <subfield code="a">Rodr&#xED;guez P&#xE9;rez, Juan Enrique</subfield>
    <subfield code="e">director de tesis.</subfield>
    <subfield code="9">98793</subfield>
  </datafield>
  <datafield tag="700" ind1="1" ind2=" ">
    <subfield code="a">Paredes Cervantes, Ana Elizabeth</subfield>
    <subfield code="9">136076</subfield>
    <subfield code="e">secretario.</subfield>
  </datafield>
  <datafield tag="700" ind1="1" ind2=" ">
    <subfield code="a">Deanda Tovar, Alma Aurora</subfield>
    <subfield code="9">135933</subfield>
    <subfield code="e">vocal.</subfield>
  </datafield>
  <datafield tag="700" ind1="1" ind2=" ">
    <subfield code="a">Valencia G&#xE1;mez, Lesly Bel&#xE9;n</subfield>
    <subfield code="9">187528</subfield>
    <subfield code="e">suplente.</subfield>
  </datafield>
  <datafield tag="700" ind1="1" ind2=" ">
    <subfield code="a">C&#xED;ntora Mart&#xED;nez, Erika Alejandra</subfield>
    <subfield code="e">suplente.</subfield>
    <subfield code="9">131595</subfield>
  </datafield>
  <datafield tag="856" ind1=" " ind2=" ">
    <subfield code="u">http://10.13.5.2/tesis/tl/1612455-1_TRUJILLO_GOMEZ_CITLALLIVIVIANA%20.pdf</subfield>
    <subfield code="z">DESCARGAR PDF</subfield>
  </datafield>
  <datafield tag="942" ind1=" " ind2=" ">
    <subfield code="2">Clasificaci&#xF3;n Universidad Aut&#xF3;noma Chapingo</subfield>
    <subfield code="c">TD</subfield>
  </datafield>
  <datafield tag="999" ind1=" " ind2=" ">
    <subfield code="c">220646</subfield>
    <subfield code="d">220646</subfield>
  </datafield>
  <datafield tag="952" ind1=" " ind2=" ">
    <subfield code="0">0</subfield>
    <subfield code="1">0</subfield>
    <subfield code="2">local</subfield>
    <subfield code="4">0</subfield>
    <subfield code="5">1</subfield>
    <subfield code="7">0</subfield>
    <subfield code="8">TesDigL</subfield>
    <subfield code="a">BD</subfield>
    <subfield code="b">BD</subfield>
    <subfield code="c">E_L</subfield>
    <subfield code="d">2025-06-19</subfield>
    <subfield code="l">0</subfield>
    <subfield code="o">Tesis digital</subfield>
    <subfield code="r">2025-06-19 10:25:45</subfield>
    <subfield code="w">2025-06-19</subfield>
    <subfield code="y">TD</subfield>
  </datafield>
</record>
